000 00685nam a2200229 a 4500
999 _c3688
_d3688
001 3688
003 BD-JhCC
005 20171116172029.0
008 171116s2010 BG |||| |||| 000 0 ben d
020 _a9847015601409
035 _a(BD-JhCC) 3688
040 _aBD-JhCC
_dBD-JhCC
041 _aben
082 _a891.4409
_bCHO 2010
100 _aচৌধুরী, কবীর
245 _aআমার নজরুল /
_cকবীর চৌধুরী
260 _aঢাকা :
_bমাওলা ব্রাদার্স,
_c২০১০.
300 _a৬৩ পৃ. :
_c২১ সেমি.
650 _aCollection of Articales
942 _2ddc
_cBK